Portraits imaginaires / (Record no. 161533)

MARC details
000 -LEADER
campo de control de longitud fija 00997nam a22002535i 4500
001 - NÚMERO DE CONTROL
campo de control 161533
003 - IDENTIFICADOR DE NÚMERO DE CONTROL
campo de control ES-MaACL
005 - FECHA Y HORA DE LA ÚLTIMA TRANSACCIÓN
campo de control 20230906212315.0
008 - DATOS DE LONGITUD FIJA--INFORMACIÓN GENERAL
campo de control de longitud fija 041020q18991910fr |||| | fre d
040 ## - FUENTE DE CATALOGACIÓN
Centro catalogador/agencia de origen CAM
Lengua de catalogación spa
Centro/agencia transcriptor CAM
100 1# - ENTRADA PRINCIPAL--NOMBRE DE PERSONA
Nombre de persona Pater, Walter.
9 (RLIN) 89556
245 10 - MENCIÓN DEL TÍTULO
Título Portraits imaginaires /
Mención de responsabilidad, etc. Walter Pater; traduction de Georges Khnopff; introduction d'Arthur Symons.
250 ## - MENCION DE EDICION
Mención de edición 2e éd.
260 ## - PUBLICACIÓN, DISTRIBUCIÓN, ETC.
Lugar de publicación, distribución, etc. Paris :
Nombre del editor, distribuidor, etc. Société du Mercure de France,
Fecha de publicación, distribución, etc. [s.a.] (
Lugar de fabricación/manufactura Beauvais :
Fabricante Imprimerie Professionnelle)
300 ## - DESCRIPCIÓN FÍSICA
Extensión 247 p. ;
Dimensiones 18 cm.
490 1# - MENCIÓN DE SERIE
Mención de serie Collection d'auteurs étrangers
596 ## - NOTA AL PIE DE IMPRENTA
NOTA AL PIE DE IMPRENTA El Catálogo Colectivo de Francia fecha esta ed. ca. 1899.
596 ## - NOTA AL PIE DE IMPRENTA
NOTA AL PIE DE IMPRENTA En la contracub. original consta como imp.: Paris : Imp. C. Renaudie.
700 11 - ENTRADA AGREGADA--NOMBRE PERSONAL
Nombre de persona Khnopff, Georges,
Término indicativo de función/relación
9 (RLIN) 67993
700 11 - ENTRADA AGREGADA--NOMBRE PERSONAL
Nombre de persona Symons, Arthur,
Término indicativo de función/relación
9 (RLIN) 108972
830 0# - PUNTO DE ACCESO ADICIONAL DE SERIE-TÍTULO UNIFORME
Título uniforme Collection d'auteurs étrangers
9 (RLIN) 183465
852 ## - LOCALIZACIÓN
Ubicación ES-MaACL
Número de control de estantería D-1394
Nota libre -- Enc. hol. conservando la cub. original
Holdings
Estatus retirado Estado de pérdida Estado de daño No para préstamo Biblioteca de origen Biblioteca actual Ubicación en estantería Fecha de adquisición Fuente de adquisición Total de préstamos Signatura topográfica completa Código de barras Visto por última vez Precio de reemplazo Tipo de ítem Koha
        Biblioteca del Ateneo de Madrid Biblioteca del Ateneo de Madrid Sala Valle Inclán 17/01/2008     D-1394 901169203 23/02/2023 23/02/2023 Libro impreso